<?xml version="1.0" encoding="UTF-8"?>
<record
    xmlns:xsi="http://www.w3.org/2001/XMLSchema-instance"
    xsi:schemaLocation="http://www.loc.gov/MARC21/slim http://www.loc.gov/standards/marcxml/schema/MARC21slim.xsd"
    xmlns="http://www.loc.gov/MARC21/slim">

  <leader>02158nam0a22003251  4500</leader>
  <controlfield tag="001">rc\3636169</controlfield>
  <controlfield tag="005">20260407133130.0</controlfield>
  <datafield tag="021" ind1=" " ind2=" ">
    <subfield code="a">RU</subfield>
    <subfield code="b">[74-84760]</subfield>
  </datafield>
  <datafield tag="035" ind1=" " ind2=" ">
    <subfield code="a">(NLR Aleph) 007827126</subfield>
  </datafield>
  <datafield tag="090" ind1=" " ind2=" ">
    <subfield code="a">7763083</subfield>
    <subfield code="c">7763083</subfield>
  </datafield>
  <datafield tag="100" ind1=" " ind2=" ">
    <subfield code="a">20130115d1974    |||y0rusy50      ca</subfield>
  </datafield>
  <datafield tag="101" ind1="0" ind2=" ">
    <subfield code="a">rus</subfield>
  </datafield>
  <datafield tag="102" ind1=" " ind2=" ">
    <subfield code="a">RU</subfield>
  </datafield>
  <datafield tag="105" ind1=" " ind2=" ">
    <subfield code="a">y   z   |||||</subfield>
  </datafield>
  <datafield tag="200" ind1="1" ind2=" ">
    <subfield code="a">&#x41C;&#x435;&#x442;&#x43E;&#x434;&#x438;&#x447;&#x435;&#x441;&#x43A;&#x438;&#x435; &#x440;&#x435;&#x43A;&#x43E;&#x43C;&#x435;&#x43D;&#x434;&#x430;&#x446;&#x438;&#x438; &#x43F;&#x43E; &#x43F;&#x440;&#x43E;&#x432;&#x435;&#x434;&#x435;&#x43D;&#x438;&#x44E; &#x43F;&#x443;&#x441;&#x43A;&#x43E;-&#x43D;&#x430;&#x43B;&#x430;&#x434;&#x43E;&#x447;&#x43D;&#x44B;&#x445; &#x440;&#x430;&#x431;&#x43E;&#x442; &#x43D;&#x430; &#x43F;&#x440;&#x435;&#x434;&#x43F;&#x440;&#x438;&#x44F;&#x442;&#x438;&#x44F;&#x445; "&#x421;&#x435;&#x43B;&#x44C;&#x445;&#x43E;&#x437;&#x442;&#x435;&#x445;&#x43D;&#x438;&#x43A;&#x438;"</subfield>
    <subfield code="f">&#x412;&#x441;&#x435;&#x441;&#x43E;&#x44E;&#x437;. &#x43E;&#x431;&#x44A;&#x435;&#x434;&#x438;&#x43D;&#x435;&#x43D;&#x438;&#x435; "&#x421;&#x43E;&#x44E;&#x437;&#x441;&#x435;&#x43B;&#x44C;&#x445;&#x43E;&#x437;&#x442;&#x435;&#x445;&#x43D;&#x438;&#x43A;&#x430;" &#x421;&#x43E;&#x432;&#x435;&#x442;&#x430; &#x41C;&#x438;&#x43D;&#x438;&#x441;&#x442;&#x440;&#x43E;&#x432; &#x421;&#x421;&#x421;&#x420;. &#x413;&#x43B;. &#x443;&#x43F;&#x440;. &#x43F;&#x43E; &#x43C;&#x435;&#x445;&#x430;&#x43D;&#x438;&#x437;&#x430;&#x446;&#x438;&#x438; &#x436;&#x438;&#x432;&#x43E;&#x442;&#x43D;&#x43E;&#x432;&#x43E;&#x434;&#x447;. &#x444;&#x435;&#x440;&#x43C;. &#x438; &#x44D;&#x43B;&#x435;&#x43A;&#x442;&#x440;&#x438;&#x444;&#x438;&#x43A;&#x430;&#x446;&#x438;&#x438; &#x441;.-&#x445;. &#x43F;&#x440;&#x43E;&#x438;&#x437;&#x432;&#x43E;&#x434;&#x441;&#x442;&#x432;&#x430;. &#x412;&#x441;&#x435;&#x441;&#x43E;&#x44E;&#x437;. &#x43D;&#x430;&#x443;&#x447;.-&#x438;&#x441;&#x441;&#x43B;&#x435;&#x434;. &#x438; &#x442;&#x435;&#x445;&#x43D;&#x43E;&#x43B;. &#x438;&#x43D;-&#x442; &#x43C;&#x43E;&#x43D;&#x442;&#x430;&#x436;&#x430;, &#x44D;&#x43A;&#x441;&#x43F;&#x43B;&#x443;&#x430;&#x442;&#x430;&#x446;&#x438;&#x438; &#x438; &#x440;&#x435;&#x43C;&#x43E;&#x43D;&#x442;&#x430; &#x43C;&#x430;&#x448;&#x438;&#x43D; &#x438; &#x43E;&#x431;&#x43E;&#x440;&#x443;&#x434;&#x43E;&#x432;&#x430;&#x43D;&#x438;&#x44F; &#x436;&#x438;&#x432;&#x43E;&#x442;&#x43D;&#x43E;&#x432;&#x43E;&#x434;&#x447;. &#x438; &#x43F;&#x442;&#x438;&#x446;&#x435;&#x432;&#x43E;&#x434;&#x447;. &#x444;&#x435;&#x440;&#x43C;. "&#x412;&#x41D;&#x418;&#x418;&#x422;&#x418;&#x41C;&#x416;"</subfield>
  </datafield>
  <datafield tag="210" ind1=" " ind2=" ">
    <subfield code="a">&#x41C;&#x438;&#x43D;&#x441;&#x43A;</subfield>
    <subfield code="c">&#x411;. &#x438;.</subfield>
    <subfield code="d">1974</subfield>
  </datafield>
  <datafield tag="215" ind1=" " ind2=" ">
    <subfield code="a">47 &#x441;.</subfield>
    <subfield code="d">20</subfield>
  </datafield>
  <datafield tag="300" ind1=" " ind2=" ">
    <subfield code="a">&#x41D;&#x430; &#x43E;&#x431;&#x43E;&#x440;&#x43E;&#x442;&#x435; &#x442;&#x438;&#x442;. &#x43B;.: &#x43F;&#x43E;&#x434;&#x433;&#x43E;&#x442;. &#x43A;&#x430;&#x43D;&#x434;. &#x44D;&#x43A;&#x43E;&#x43D;. &#x43D;&#x430;&#x443;&#x43A; &#x424;.&#x418;. &#x414;&#x443;&#x43A;&#x435;&#x43B;&#x44C;, &#x438;&#x43D;&#x436;&#x435;&#x43D;&#x435;&#x440;&#x44B; &#x412;.&#x424;. &#x41C;&#x43E;&#x438;&#x441;&#x435;&#x435;&#x432;, &#x41F;.&#x412;. &#x41A;&#x430;&#x440;&#x430;&#x431;&#x430;&#x43D;&#x44E;&#x43A;, &#x43A;&#x430;&#x43D;&#x434;. &#x442;&#x435;&#x445;&#x43D;. &#x43D;&#x430;&#x443;&#x43A; &#x412;.&#x41A;. &#x414;&#x43E;&#x43C;&#x43E;&#x43D;&#x43E;&#x432;</subfield>
  </datafield>
  <datafield tag="320" ind1=" " ind2=" ">
    <subfield code="a">&#x421;&#x43F;&#x438;&#x441;&#x43E;&#x43A; &#x43B;&#x438;&#x442;.: &#x441;. 46 (8 &#x43D;&#x430;&#x437;&#x432;.)</subfield>
  </datafield>
  <datafield tag="606" ind1=" " ind2=" ">
    <subfield code="a">"&#x421;&#x435;&#x43B;&#x44C;&#x445;&#x43E;&#x437;&#x442;&#x435;&#x445;&#x43D;&#x438;&#x43A;&#x430;", &#x43F;&#x440;&#x435;&#x434;&#x43F;&#x440;&#x438;&#x44F;&#x442;&#x438;&#x44F;</subfield>
    <subfield code="x">&#x41E;&#x431;&#x43E;&#x440;&#x443;&#x434;&#x43E;&#x432;&#x430;&#x43D;&#x438;&#x435;</subfield>
    <subfield code="x">&#x41F;&#x443;&#x441;&#x43A; &#x438; &#x43D;&#x430;&#x43B;&#x430;&#x434;&#x43A;&#x430;</subfield>
    <subfield code="2">psbo</subfield>
  </datafield>
  <datafield tag="702" ind1=" " ind2="1">
    <subfield code="a">&#x41C;&#x43E;&#x438;&#x441;&#x435;&#x435;&#x432;</subfield>
    <subfield code="b">&#x412;.&#x424;.</subfield>
    <subfield code="4">570</subfield>
  </datafield>
  <datafield tag="702" ind1=" " ind2="1">
    <subfield code="a">&#x41A;&#x430;&#x440;&#x430;&#x431;&#x430;&#x43D;&#x44E;&#x43A;</subfield>
    <subfield code="b">&#x41F;.&#x412;.</subfield>
    <subfield code="4">570</subfield>
  </datafield>
  <datafield tag="702" ind1=" " ind2="1">
    <subfield code="a">&#x414;&#x443;&#x43A;&#x435;&#x43B;&#x44C;</subfield>
    <subfield code="b">&#x424;.&#x418;.</subfield>
    <subfield code="4">570</subfield>
  </datafield>
  <datafield tag="702" ind1=" " ind2="1">
    <subfield code="a">&#x414;&#x43E;&#x43C;&#x43E;&#x43D;&#x43E;&#x432;</subfield>
    <subfield code="b">&#x412;.&#x41A;.</subfield>
    <subfield code="4">570</subfield>
  </datafield>
  <datafield tag="712" ind1="0" ind2="2">
    <subfield code="a">&#x412;&#x441;&#x435;&#x441;&#x43E;&#x44E;&#x437;&#x43D;&#x44B;&#x439; &#x43D;&#x430;&#x443;&#x447;&#x43D;&#x43E;-&#x438;&#x441;&#x441;&#x43B;&#x435;&#x434;&#x43E;&#x432;&#x430;&#x442;&#x435;&#x43B;&#x44C;&#x441;&#x43A;&#x438;&#x439; &#x438; &#x442;&#x435;&#x445;&#x43D;&#x43E;&#x43B;&#x43E;&#x433;&#x438;&#x447;&#x435;&#x441;&#x43A;&#x438;&#x439; &#x438;&#x43D;&#x441;&#x442;&#x438;&#x442;&#x443;&#x442; &#x43C;&#x43E;&#x43D;&#x442;&#x430;&#x436;&#x430;, &#x44D;&#x43A;&#x441;&#x43F;&#x43B;&#x443;&#x430;&#x442;&#x430;&#x446;&#x438;&#x438; &#x438; &#x440;&#x435;&#x43C;&#x43E;&#x43D;&#x442;&#x430; &#x43C;&#x430;&#x448;&#x438;&#x43D; &#x438; &#x43E;&#x431;&#x43E;&#x440;&#x443;&#x434;&#x43E;&#x432;&#x430;&#x43D;&#x438;&#x44F; &#x436;&#x438;&#x432;&#x43E;&#x442;&#x43D;&#x43E;&#x432;&#x43E;&#x434;&#x447;&#x435;&#x441;&#x43A;&#x438;&#x445; &#x438; &#x43F;&#x442;&#x438;&#x446;&#x435;&#x432;&#x43E;&#x434;&#x447;&#x435;&#x441;&#x43A;&#x438;&#x445; &#x444;&#x435;&#x440;&#x43C;</subfield>
    <subfield code="c">&#x41C;&#x438;&#x43D;&#x441;&#x43A;</subfield>
    <subfield code="3">RU\NLR\AUTH\889995556</subfield>
    <subfield code="9">488084</subfield>
  </datafield>
  <datafield tag="801" ind1=" " ind2="0">
    <subfield code="a">RU</subfield>
    <subfield code="b">NLR</subfield>
    <subfield code="g">psbo</subfield>
  </datafield>
  <datafield tag="801" ind1=" " ind2="1">
    <subfield code="a">RU</subfield>
    <subfield code="b">ELAR</subfield>
    <subfield code="2">rusmarc</subfield>
  </datafield>
  <datafield tag="852" ind1=" " ind2=" ">
    <subfield code="a">NLR</subfield>
    <subfield code="j">74-4/27145</subfield>
  </datafield>
  <datafield tag="942" ind1=" " ind2=" ">
    <subfield code="c">BOOK</subfield>
  </datafield>
  <datafield tag="980" ind1=" " ind2=" ">
    <subfield code="a">NB</subfield>
  </datafield>
  <datafield tag="995" ind1=" " ind2=" ">
    <subfield code="5">2013-10-26</subfield>
    <subfield code="b">NLR01</subfield>
    <subfield code="c">NLR01</subfield>
    <subfield code="e">RF91</subfield>
    <subfield code="f">7827126-10</subfield>
    <subfield code="k">74-4/27145</subfield>
    <subfield code="o">0</subfield>
    <subfield code="r">BOOK</subfield>
    <subfield code="s">74427145_</subfield>
  </datafield>
</record>
